| 000 | 01527cam a2200241 4500 | ||
|---|---|---|---|
| 001 | ##L131700 | ||
| 008 | 051130n2005 000 0 eng u | ||
| 020 | _a1860818870 | ||
| 035 | _a(Sirsi) u131700 | ||
| 041 | 0 | _aeng | |
| 050 | 0 | 4 | _a690.24 $2 18 |
| 100 | 1 | _aPrior, Josephine J. | |
| 245 | 0 | 0 |
_aRepair it with effective partnering _bguide to contractual relationships for cost effective responsive maintenance |
| 260 |
_aWatford _bBRE _c2005 |
||
| 300 |
_aiv, 55 _bill, tables, graphs _c30cm |
||
| 350 | _a47.50 | ||
| 490 | 0 | _aBRE 484 | |
| 505 | 2 | _aProject partners approach to responsive maintenance - guidance on what you should do - value for money in public procurement - contractual arrangements used in responsive maintenance - case studies of responsive maintenance in action | |
| 520 | _aMaintenance and refurbishment account for just over half of construction spend in the UK. Partnering can help property owners simplify their administrative processes and achieve cost effective responsive maintenance by reducing response times. This guide examines the issues and identifies the key processes involved in effective partnering with contractors. It provides practical advice on how to manage these processes effectively and sets out the benefits of partnering. A number of case studies are used to illustrate successful client / contractor relationships, and to examine how probity, quality control and cost control are managed. | ||
| 690 |
_aRefurbishment _96264 |
||
| 700 | 1 | _aNowak, Fran | |
| 942 | _n0 | ||
| 999 |
_c104803 _d104803 |
||